000 00833nam a2200253 a 4500
001 BRCA_2165
005 20190320203709.0
008 880823s1987 mx-a---##b---f001-0#spa-#
020 _a968360014X
041 _aspa
044 _amx
050 4 _aND259.J8
_b.R85 1987
100 1 _aRuiz Gomar, Rogelio
_93907
245 1 0 _aEl pintor Luis Juárez
_bsu vida y su obra
_cRogelio Ruiz Gomar.
260 _aMéxico
_bUNAM, Instituto de Investigaciones Estéticas
_c1987
300 _a366 p.
_bil. (algunas a color)
_c23 cm.
440 0 _aMonografías de arte
_v15
_96527
500 _aIncluye índice onomástico e índice analítico
504 _aBibliografía : p. 317-329
600 1 4 _aJuárez, Luis
_db. 1585
_vCatálogos
_96528
650 1 4 _aPintores
_zSiglo XVII
_96529
650 1 4 _aPintores novohispanos
_96530
942 _2lcc
_cB
999 _c1921
_d1921